Evanjelická identita vo svetle Šmalkaldských článkov 1.

Bibliographic Details
Main Author: Forgáčová-Ševčíková, Magdaléna (Author)
Format: Article
Language:Slovak
ISSN:0139-8768
Subjects:

MARC

LEADER 00000nab a2200000 a 4500
001 vtls000814837
003 SK-MaSNL
005 20260302151611.0
008 140402c2002 xo 0 slo
015 |a SNBRB2002/11-36073 
035 |a CLN000166492 
040 |a SNKBUCL  |b slo  |c SNKBUCL  |e AACR2 
041 0 |a slo 
044 |a xo  |c SK 
080 |a 284.1/.2  |2 1997 
100 1 |a Forgáčová-Ševčíková, Magdaléna  |4 aut  |9 841567 
245 1 0 |a Evanjelická identita vo svetle Šmalkaldských článkov  |n 1.  |c M. Forgáčová-Ševčíková 
650 0 7 |a Evanjelická cirkev a.v.  |2 snkbucl  |9 268741 
655 7 |a články z novín a časopisov  |2 snkbucl  |9 267496 
773 0 |t Evanjelický posol spod Tatier  |g Roč. 92, č. 40 (2002), s. 1 a 11  |x 0139-8768 
850 |a Slovenská národná knižnica v Martine 
852 |a SNK  |b KIS3GCP 
958 |a SK 
992 |a RBX 
999 |c 1360331  |d 1362261